000 00277nam a22001217a 4500
008 240118b |||||||| |||| 00| 0 eng d
100 _aBare Act EBC
245 _aCommercial Court Act 2015
250 _a9th
260 _aLucknow
_bEBC
_c2023
300 _a45
942 _2ddc
_cBK
999 _c20375
_d20375